[Event "Smuk Skak GM 2022"]
[Site "Skanderborg"]
[Date "2022.08.13"]
[Round "1"]
[White "Boe Olsen, Filip"]
[Black "Nielsen, Viktor Haarmark"]
[Result "1-0"]
[WhiteElo "2427"]
[BlackElo "2336"]
[PlyCount "123"]
[EventDate "2022.08.13"]
[EventType "tourn"]
[EventRounds "9"]
[EventCountry "DEN"]

1. d4 Nf6 2. c4 g6 3. Nc3 d5 4. cxd5 Nxd5 5. e4 Nxc3 6. bxc3 Bg7 7. Be3 c5 8.
Rc1 Qa5 9. Qd2 O-O 10. Nf3 Nd7 11. d5 Nf6 12. c4 Qxd2+ 13. Nxd2 b6 14. h3 e6
15. g4 Ne8 16. f4 f5 17. gxf5 gxf5 18. e5 Bb7 19. Bg2 Nc7 20. Nb1 exd5 21. Nc3
Rad8 22. Rd1 Rd7 23. Nxd5 Kf7 24. Kf2 Ne6 25. Rd2 Rfd8 26. Rhd1 Bh6 27. Bf3 Ba6
28. Be2 Bb7 29. Bf3 Ba6 30. Rc2 Bb7 31. Rg1 Bg7 32. a4 Ba6 33. Rcc1 Kf8 34. Rg2
Bh8 35. Be2 Bb7 36. Bf3 Ba6 37. Rgg1 Bg7 38. Be2 Bb7 39. Nc3 Bh6 40. Nd5 Bg7
41. h4 Bc6 42. Ra1 Rb7 43. Ra3 Bh6 44. Bd3 Rf7 45. Nf6 Bxf4 46. Bxf4 Nxf4 47.
Bxf5 Nh5 48. Rg8+ Ke7 49. Ke1 Rxg8 50. Nxg8+ Kf8 51. Nh6 Re7 52. e6 Ng7 53. Re3
Bxa4 54. Kd2 Bc6 55. Kc3 Bb7 56. Bh3 Ne8 57. Nf5 Rc7 58. Bg4 Nf6 59. e7+ Kf7
60. Bh5+ Kg8 61. e8=Q+ Nxe8 62. Rxe8# 1-0

[Event "Smuk Skak GM 2022"]
[Site "Skanderborg"]
[Date "2022.08.13"]
[Round "1"]
[White "Korley, Kassa"]
[Black "Pedersen, Nicolai Vesterbaek"]
[Result "0-1"]
[WhiteElo "2432"]
[BlackElo "2366"]
[PlyCount "82"]
[EventDate "2022.08.13"]
[EventType "tourn"]
[EventRounds "9"]
[EventCountry "DEN"]

1. Nf3 Nf6 2. g3 g6 3. Bg2 Bg7 4. d4 O-O 5. O-O d6 6. c4 c5 7. Nc3 Nc6 8. d5
Na5 9. Nd2 e6 10. Qc2 Re8 11. b3 exd5 12. cxd5 b5 13. Bb2 Bf5 14. e4 Bd7 15. h3
b4 16. Nd1 Bb5 17. Nc4 Bxc4 18. bxc4 Rb8 19. Ne3 Qe7 20. Qa4 Qd8 21. a3 Nb7 22.
e5 Nd7 23. axb4 cxb4 24. Ng4 h5 25. Ne3 a5 26. f4 dxe5 27. f5 Ndc5 28. Qc2 Qd6
29. g4 a4 30. gxh5 a3 31. fxg6 fxg6 32. Bxa3 bxa3 33. hxg6 e4 34. Nf5 Qxg6 35.
Rxa3 Be5 36. Kh1 Nd6 37. Rg1 Nxf5 38. Bxe4 Qxg1+ 39. Kxg1 Bd4+ 40. Kh1 Rxe4 41.
Qg2+ Kh8 0-1

[Event "Smuk Skak GM 2022"]
[Site "Skanderborg"]
[Date "2022.08.13"]
[Round "1"]
[White "Vinter Schou, Uffe"]
[Black "Hillarp Persson, Tiger"]
[Result "1/2-1/2"]
[WhiteElo "2407"]
[BlackElo "2514"]
[PlyCount "171"]
[EventDate "2022.08.13"]
[EventType "tourn"]
[EventRounds "9"]
[EventCountry "DEN"]

1. Nf3 c5 2. c4 Nf6 3. Nc3 e6 4. e3 d5 5. d4 a6 6. cxd5 exd5 7. Be2 cxd4 8.
Nxd4 Bd6 9. Bf3 O-O 10. O-O Nc6 11. Nxc6 bxc6 12. Qa4 Bd7 13. Rd1 Re8 14. Bd2
h5 15. Rac1 Rb8 16. b3 Ng4 17. h3 Ne5 18. Be2 a5 19. Nb1 Bb4 20. Bxb4 Rxb4 21.
Qa3 Re6 22. Rd4 Rxd4 23. exd4 Ng6 24. Nc3 Nf4 25. Bf1 Rg6 26. g3 Nxh3+ 27. Bxh3
Bxh3 28. Ne2 Qf6 29. Rc3 Bf5 30. Qc1 Bg4 31. Nf4 Rh6 32. Qe3 h4 33. f3 Bd7 34.
g4 Qd6 35. g5 Rh8 36. Rc5 Kh7 37. Qe5 Qxe5 38. dxe5 Re8 39. Nd3 Bf5 40. Nf4
Rxe5 41. Rxc6 Bb1 42. a3 Rxg5+ 43. Kf2 Rf5 44. Ne2 Bd3 45. Nd4 Rh5 46. Rc1 Re5
47. Rc3 Ba6 48. Rc6 Bd3 49. Rc3 Bg6 50. b4 axb4 51. axb4 Re7 52. b5 Rb7 53. Rc5
f6 54. Rxd5 Be8 55. f4 g6 56. Kf3 Bd7 57. Rd6 Kg7 58. b6 Kf7 59. Ke4 h3 60. Nf3
Ke7 61. Kd5 Rb8 62. Nh2 Bc8 63. Kc5 Bb7 64. Rd3 Bg2 65. Re3+ Kf7 66. Kb5 Rd8
67. Rg3 Rd2 68. Nf3 Rb2+ 69. Ka6 Ra2+ 70. Kb5 Ra3 71. b7 Rb3+ 72. Ka6 Rxb7 73.
Rxg2 hxg2 74. Kxb7 Ke6 75. Kc6 Kf5 76. Nh4+ Kxf4 77. Nxg2+ Ke4 78. Kd6 f5 79.
Ke6 f4 80. Ne1 g5 81. Kf6 g4 82. Kg5 f3 83. Kxg4 f2 84. Nf3 f1=Q 85. Nd2+ Kd3
86. Nxf1 1/2-1/2

[Event "Smuk Skak GM 2022"]
[Site "Skanderborg"]
[Date "2022.08.13"]
[Round "1"]
[White "Solodovnichenko, Yuri"]
[Black "Roshka, Yevgeniy"]
[Result "1-0"]
[WhiteElo "2508"]
[BlackElo "2499"]
[PlyCount "123"]
[EventDate "2022.08.13"]
[EventType "tourn"]
[EventRounds "9"]
[EventCountry "DEN"]

1. Nf3 Nf6 2. g3 e6 3. Bg2 b5 4. d3 Bb7 5. e4 d5 6. exd5 Nxd5 7. O-O Be7 8. Nc3
Nxc3 9. bxc3 O-O 10. Rb1 Bc6 11. Re1 a6 12. a4 Bf6 13. d4 Nd7 14. Qd3 Bd5 15.
axb5 axb5 16. Rxb5 Nb6 17. Nd2 Qd7 18. Rb1 Qc6 19. Be4 Bxe4 20. Nxe4 Ra5 21.
Nxf6+ gxf6 22. Bh6 Rfa8 23. Re4 f5 24. Ree1 e5 25. Bd2 e4 26. Qe2 Nc4 27. Bf4
Kg7 28. Rb4 Ra1 29. Rxa1 Rxa1+ 30. Kg2 Nb6 31. c4 Ra2 32. d5 Qc5 33. Qh5 Kf8
34. Bd2 Rxc2 35. Qxh7 Qd4 36. Bh6+ Ke8 37. Qg8+ Kd7 38. Qxf7+ Kc8 39. Qxf5+ Kb7
40. d6 cxd6 41. Bg7 Qe3 42. Qd7+ Ka8 43. Ra4+ Kb8 44. Qxd6+ Kb7 45. Qe7+ Kc8
46. Qf8+ Kb7 47. Qf7+ Kc8 48. Ra7 Qf3+ 49. Qxf3 exf3+ 50. Kxf3 Nxc4 51. h4 Nd2+
52. Kg4 Ne4 53. f4 Rh2 54. Re7 Nf2+ 55. Kf3 Nh1 56. f5 Kd8 57. Bf6 Kc8 58. Be5
Rf2+ 59. Kg4 Rf1 60. f6 Kd8 61. Bc7+ Kc8 62. f7 1-0

[Event "Smuk Skak GM 2022"]
[Site "Skanderborg"]
[Date "2022.08.13"]
[Round "1"]
[White "Aarav, Dengla"]
[Black "Ovsejevitsch, Sergei"]
[Result "1/2-1/2"]
[WhiteElo "2382"]
[BlackElo "2581"]
[PlyCount "70"]
[EventDate "2022.08.13"]
[EventType "tourn"]
[EventRounds "9"]
[EventCountry "DEN"]

1. e4 e5 2. Nf3 Nc6 3. Bb5 Nge7 4. d4 Nxd4 5. Nxd4 exd4 6. Qxd4 Nc6 7. Qe3 Bb4+
8. c3 Ba5 9. Qg5 Qxg5 10. Bxg5 Nd4 11. Bd3 Ne6 12. Be3 Bb6 13. Bxb6 axb6 14.
O-O d6 15. Nd2 O-O 16. Rfe1 Nc5 17. Bc2 Re8 18. Nb3 Na4 19. Rab1 Bd7 20. a3 b5
21. Nd2 Nb6 22. Nf1 Bc6 23. f3 d5 24. exd5 Bxd5 25. Ne3 Be6 26. Kf2 Kf8 27.
Rbd1 h6 28. h4 c6 29. h5 Red8 30. g4 Rxd1 31. Rxd1 Ke7 32. f4 Nc4 33. Nxc4 bxc4
34. Re1 Kf6 35. Kg3 Rd8 1/2-1/2

[Event "Smuk Skak GM 2022"]
[Site "Skanderborg"]
[Date "2022.08.14"]
[Round "2"]
[White "Boe Olsen, Filip"]
[Black "Korley, Kassa"]
[Result "1/2-1/2"]
[WhiteElo "2427"]
[BlackElo "2432"]
[PlyCount "111"]
[EventDate "2022.08.13"]
[EventType "tourn"]
[EventRounds "9"]
[EventCountry "DEN"]

1. d4 d5 2. c4 e6 3. Nf3 c5 4. cxd5 exd5 5. Nc3 Nf6 6. Bg5 Be6 7. g3 Nc6 8. Bg2
h6 9. Bxf6 Qxf6 10. O-O O-O-O 11. dxc5 Bxc5 12. Rc1 Kb8 13. Na4 Be7 14. Nc5 Rc8
15. Qb3 Na5 16. Qb5 Bxc5 17. Rxc5 Nc4 18. b3 Nd6 19. Rxc8+ Rxc8 20. Qb4 Ne4 21.
Nd4 a5 22. Qb6 Bd7 23. Qxf6 Nxf6 24. e3 Ka7 25. Rd1 Kb6 26. Kf1 a4 27. bxa4 Ra8
28. Rb1+ Kc7 29. Rb2 Rxa4 30. Ke1 g6 31. Bf1 Ne4 32. Bb5 Bxb5 33. Nxb5+ Kd7 34.
f3 Nc5 35. Rd2 Kc6 36. Nc3 Ra3 37. Nxd5 Kb5 38. Ke2 h5 39. Rc2 Kc6 40. Nc3 b6
41. Ne4 f5 42. Nd2 Kd5 43. h4 Ra4 44. Nb1 Ra8 45. Nc3+ Kc6 46. Rd2 Na4 47. Nd5
Kc5 48. a3 b5 49. e4 fxe4 50. fxe4 Ra6 51. Rc2+ Kd4 52. Kf3 Nc5 53. Rd2+ Ke5
54. Nc3 Rxa3 55. Rd5+ Ke6 56. Rxc5 1/2-1/2

[Event "Smuk Skak GM 2022"]
[Site "Skanderborg"]
[Date "2022.08.14"]
[Round "2"]
[White "Pedersen, Nicolai Vesterbaek"]
[Black "Vinter Schou, Uffe"]
[Result "1/2-1/2"]
[WhiteElo "2366"]
[BlackElo "2407"]
[PlyCount "96"]
[EventDate "2022.08.13"]
[EventType "tourn"]
[EventRounds "9"]
[EventCountry "DEN"]

1. e4 c5 2. Nf3 e6 3. d4 cxd4 4. Nxd4 a6 5. Bd3 g6 6. Nc3 Bg7 7. Be3 Ne7 8. Qd2
d5 9. exd5 Nxd5 10. Nxd5 Qxd5 11. O-O O-O 12. Be2 Rd8 13. Rfd1 e5 14. Bf3 e4
15. Be2 Bd7 16. c3 Ba4 17. Nb3 Qxd2 18. Rxd2 Rxd2 19. Bxd2 Bxb3 20. axb3 Nd7
21. Be3 Kf8 22. Bc4 Nf6 23. Bc5+ Kg8 24. Rd1 Rc8 25. Be7 Re8 26. Bc5 Rc8 27.
Bb6 Bf8 28. h3 Bc5 29. Bd8 Kg7 30. Bxf6+ Kxf6 31. Rd7 b5 32. Rxf7+ Ke5 33. Be2
Rf8 34. Rxf8 Bxf8 35. b4 Bh6 36. c4 Bd2 37. cxb5 axb5 38. Bxb5 Bxb4 39. Kf1 Bc5
40. Ke2 g5 41. Bc6 h5 42. h4 gxh4 43. Be8 Kf4 44. Bxh5 e3 45. fxe3+ Bxe3 46. b4
Bb6 47. Bf3 Kg3 48. Bc6 h3 1/2-1/2

[Event "Smuk Skak GM 2022"]
[Site "Skanderborg"]
[Date "2022.08.14"]
[Round "2"]
[White "Hillarp Persson, Tiger"]
[Black "Solodovnichenko, Yuri"]
[Result "1/2-1/2"]
[WhiteElo "2514"]
[BlackElo "2508"]
[PlyCount "93"]
[EventDate "2022.08.13"]
[EventType "tourn"]
[EventRounds "9"]
[EventCountry "DEN"]

1. Nf3 d5 2. g3 Nf6 3. Bg2 c6 4. c4 dxc4 5. O-O Nbd7 6. Na3 Nb6 7. Qc2 Be6 8.
b3 cxb3 9. axb3 g6 10. Bb2 Bg7 11. Nc4 O-O 12. Na5 Bc8 13. e4 Ne8 14. Bxg7 Kxg7
15. d4 Nd6 16. Rfd1 Bg4 17. Qb2 Qc7 18. d5+ Kg8 19. Rdc1 Bxf3 20. Bxf3 c5 21.
h4 f5 22. e5 Ne4 23. b4 Nxd5 24. bxc5 Rab8 25. Qd4 e6 26. Bxe4 fxe4 27. Qxe4
Rf5 28. Nc4 Rbf8 29. Rc2 Nb4 30. Rb2 a5 31. Rxa5 Nc6 32. Rab5 Nxe5 33. f4 Qc6
34. Qxe5 Rxe5 35. Nxe5 Qd5 36. Kh2 Qd4 37. R5b4 Qe3 38. R4b3 Qc1 39. Rxb7 Rd8
40. Rb8 Rxb8 41. Rxb8+ Kg7 42. Rb7+ Kg8 43. c6 Qc2+ 44. Kh3 Qe4 45. Rb8+ Kg7
46. Rb7+ Kg8 47. Rb8+ 1/2-1/2

[Event "Smuk Skak GM 2022"]
[Site "Skanderborg"]
[Date "2022.08.14"]
[Round "2"]
[White "Roshka, Yevgeniy"]
[Black "Aarav, Dengla"]
[Result "1-0"]
[WhiteElo "2499"]
[BlackElo "2382"]
[PlyCount "113"]
[EventDate "2022.08.13"]
[EventType "tourn"]
[EventRounds "9"]
[EventCountry "DEN"]

1. e4 c5 2. Nf3 d6 3. Bb5+ Nd7 4. O-O a6 5. Bd3 Ngf6 6. Re1 b5 7. c4 Ne5 8.
Nxe5 dxe5 9. Qf3 b4 10. Bc2 g6 11. d3 Bg7 12. Be3 Qc7 13. Nd2 O-O 14. Nb3 Nd7
15. a3 Rb8 16. axb4 Rxb4 17. Ra3 e6 18. Rea1 Rd8 19. Bd2 Rb8 20. Ba5 Nb6 21.
Qe3 Bf8 22. Re1 h5 23. Qg5 Kh7 24. Bc3 Nd7 25. Re3 f6 26. Qh4 Qd6 27. Rg3 Bh6
28. Bd1 Rg8 29. Rh3 Bg5 30. Qg3 Kg7 31. Bxh5 gxh5 32. f4 Kh6 33. fxg5+ fxg5 34.
Qf3 g4 35. Qf7 Rg5 36. Rh4 Qf8 37. Qxf8+ Nxf8 38. Bd2 Kg6 39. g3 Kf6 40. Ra1
Nh7 41. Rf1+ Kg6 42. Nxc5 Rxb2 43. Rf2 Rb6 44. h3 Rc6 45. Na4 gxh3 46. Bxg5
Nxg5 47. g4 Rd6 48. gxh5+ Kg7 49. h6+ Kh7 50. Rh5 Kg6 51. h7 Nxh7 52. Rxh3 Kg7
53. Rg3+ Kh8 54. Rf7 Rd7 55. Rxd7 Bxd7 56. Nc5 Bc8 57. Rg2 1-0

[Event "Smuk Skak GM 2022"]
[Site "Skanderborg"]
[Date "2022.08.14"]
[Round "2"]
[White "Nielsen, Viktor Haarmark"]
[Black "Ovsejevitsch, Sergei"]
[Result "1/2-1/2"]
[WhiteElo "2336"]
[BlackElo "2581"]
[PlyCount "60"]
[EventDate "2022.08.13"]
[EventType "tourn"]
[EventRounds "9"]
[EventCountry "DEN"]

1. d4 Nf6 2. c4 e6 3. g3 Bb4+ 4. Bd2 a5 5. Bg2 O-O 6. Nf3 b6 7. O-O Ba6 8. Qc2
c5 9. Bxb4 axb4 10. Rd1 Qe7 11. e4 cxd4 12. e5 Ne8 13. Nxd4 Ra7 14. b3 d6 15.
exd6 Nxd6 16. Nd2 Rc8 17. Ne4 Nxe4 18. Qxe4 Bb7 19. Qe1 Bxg2 20. Kxg2 Rd7 21.
Nb5 Rcd8 22. Rxd7 Rxd7 23. Rd1 h5 24. h4 Qd8 25. Rxd7 Nxd7 26. Nd4 Qa8+ 27. Nf3
Qxa2 28. Qxb4 Qa8 29. Qd6 Qb7 30. Kg1 Qxf3 1/2-1/2

[Event "Smuk Skak GM 2022"]
[Site "Skanderborg"]
[Date "2022.08.15"]
[Round "3"]
[White "Vinter Schou, Uffe"]
[Black "Boe Olsen, Filip"]
[Result "0-1"]
[WhiteElo "2407"]
[BlackElo "2427"]
[PlyCount "74"]
[EventDate "2022.08.13"]
[EventType "tourn"]
[EventRounds "9"]
[EventCountry "DEN"]

1. e4 c5 2. b3 g6 3. Bb2 Nf6 4. e5 Nd5 5. Qf3 e6 6. Na3 Bg7 7. O-O-O O-O 8. Qg3
f6 9. f4 Nc6 10. h4 fxe5 11. fxe5 Nf4 12. Nf3 a6 13. Nc4 b5 14. Nd6 Qc7 15. Ne8
Rxe8 16. Qxf4 Rf8 17. Qg3 Rf5 18. Re1 c4 19. bxc4 bxc4 20. Bxc4 Rb8 21. Bb3 a5
22. Re4 Rb4 23. Rxb4 Nxb4 24. Kb1 Bb7 25. Re1 Bd5 26. Bc3 Qb8 27. Qg4 Bf8 28.
Bb2 Bc6 29. a4 Nd3 30. Re3 Nxb2 31. Kxb2 Bh6 32. Ng5 Bg7 33. d4 Bxa4 34. Rc3
Bc6 35. Ka2 a4 36. Bxe6+ dxe6 37. Rxc6 a3 0-1

[Event "Smuk Skak GM 2022"]
[Site "Skanderborg"]
[Date "2022.08.15"]
[Round "3"]
[White "Korley, Kassa"]
[Black "Nielsen, Viktor Haarmark"]
[Result "1-0"]
[WhiteElo "2432"]
[BlackElo "2336"]
[PlyCount "87"]
[EventDate "2022.08.13"]
[EventType "tourn"]
[EventRounds "9"]
[EventCountry "DEN"]

1. d4 Nf6 2. Nf3 g6 3. c4 Bg7 4. e3 b6 5. Be2 Bb7 6. O-O O-O 7. Qc2 e6 8. Nc3
d5 9. cxd5 exd5 10. b4 a6 11. a4 Nbd7 12. Ba3 Re8 13. b5 a5 14. Rfc1 Rc8 15.
Qa2 Bh6 16. h3 Re6 17. Bd1 c5 18. bxc6 Rexc6 19. Nb5 Rxc1 20. Rxc1 Rxc1 21.
Bxc1 Bf8 22. Bb3 Nb8 23. Ne5 Nc6 24. f3 Nb4 25. Qe2 Nd7 26. Bb2 Qe7 27. Nxd7
Qxd7 28. e4 Ba6 29. Bc3 Bb7 30. Bd2 Bc6 31. e5 Qf5 32. Nc3 Be7 33. g4 Qe6 34.
f4 f5 35. Qf3 Kg7 36. Kg2 Bb7 37. Kg3 Bc6 38. Nd1 Na6 39. Ne3 Nc7 40. Bc2 fxg4
41. hxg4 Qd7 42. f5 Bg5 43. fxg6 hxg6 44. Nf5+ 1-0

[Event "Smuk Skak GM 2022"]
[Site "Skanderborg"]
[Date "2022.08.15"]
[Round "3"]
[White "Solodovnichenko, Yuri"]
[Black "Pedersen, Nicolai Vesterbaek"]
[Result "1-0"]
[WhiteElo "2508"]
[BlackElo "2366"]
[PlyCount "61"]
[EventDate "2022.08.13"]
[EventType "tourn"]
[EventRounds "9"]
[EventCountry "DEN"]

1. e4 e5 2. Nf3 Nc6 3. Bb5 Nf6 4. O-O Nxe4 5. d4 Nd6 6. Bxc6 dxc6 7. dxe5 Nf5
8. Qxd8+ Kxd8 9. h3 Bd7 10. Rd1 Kc8 11. g4 Ne7 12. Ng5 Be8 13. f4 h6 14. Ne4 b6
15. f5 c5 16. Bf4 Bc6 17. Nbc3 Kb7 18. Rd2 Re8 19. Re1 Nc8 20. Nd5 b5 21. e6
Bxd5 22. Rxd5 fxe6 23. Re5 Kc6 24. Ng3 Nd6 25. Rxe6 Rxe6 26. Rxe6 Kd5 27. Nh5
c4 28. Be5 Nf7 29. Nf4+ Ke4 30. Bxc7+ Kf3 31. Ng6 1-0

[Event "Smuk Skak GM 2022"]
[Site "Skanderborg"]
[Date "2022.08.15"]
[Round "3"]
[White "Aarav, Dengla"]
[Black "Hillarp Persson, Tiger"]
[Result "0-1"]
[WhiteElo "2382"]
[BlackElo "2514"]
[PlyCount "132"]
[EventDate "2022.08.13"]
[EventType "tourn"]
[EventRounds "9"]
[EventCountry "DEN"]

1. e4 c5 2. Nf3 d6 3. Bb5+ Nd7 4. a4 Ngf6 5. Nc3 a6 6. Be2 g6 7. O-O Bg7 8. a5
O-O 9. d3 Qc7 10. Re1 b5 11. axb6 Nxb6 12. Qd2 Bb7 13. Qg5 e5 14. Qh4 Rae8 15.
Bh6 Nfd7 16. Qh3 Bc8 17. Nd2 Qd8 18. Bg4 f5 19. exf5 Bxh6 20. fxg6 Kg7 21. Nde4
Qe7 22. gxh7 Bf4 23. Qh5 Kh8 24. g3 d5 25. gxf4 dxe4 26. Nxe4 Rxf4 27. f3 Ref8
28. c4 Bb7 29. Qh6 Nf6 30. Nxf6 R4xf6 31. Qg5 Nd7 32. f4 Qxh7 33. Re3 Rh6 34.
Qxh6 Qxh6 35. Rh3 Qxh3 36. Bxh3 Nf6 37. fxe5 Nh5 38. Ra5 Nf4 39. Bf1 Ne6 40.
Bh3 Nd4 41. Bg4 Nb3 42. Ra3 Nd2 43. Be2 Rf5 44. e6 Rf6 45. h3 Rxe6 46. Kf2 Kg7
47. Bg4 Re7 48. Ra5 Nb3 49. Ra3 Nd4 50. Ra5 Rc7 51. Ke3 Kf6 52. Bd1 Re7+ 53.
Kd2 Re5 54. Kc3 Nc6 55. Ra3 Re3 56. h4 Rh3 57. Bg4 Rxh4 58. Bf3 Nd4 59. Bd1 Rh1
60. Kd2 Ke5 61. Ra4 Rh2+ 62. Kc3 Rh1 63. Kd2 Bf3 64. Bxf3 Nxf3+ 65. Ke3 Nd4 66.
Rxa6 Rh2 0-1

[Event "Smuk Skak GM 2022"]
[Site "Skanderborg"]
[Date "2022.08.15"]
[Round "3"]
[White "Ovsejevitsch, Sergei"]
[Black "Roshka, Yevgeniy"]
[Result "1-0"]
[WhiteElo "2581"]
[BlackElo "2499"]
[PlyCount "109"]
[EventDate "2022.08.13"]
[EventType "tourn"]
[EventRounds "9"]
[EventCountry "DEN"]

1. d4 Nf6 2. c4 c5 3. d5 e6 4. Nc3 exd5 5. cxd5 d6 6. Nf3 g6 7. Nd2 Bg7 8. e4
O-O 9. Be2 Ne8 10. O-O f5 11. exf5 Bxf5 12. Nde4 Na6 13. Bg5 Nf6 14. Ng3 Bd7
15. Qd2 Rf7 16. Bh6 Bxh6 17. Qxh6 Nc7 18. a4 Qf8 19. Qd2 a6 20. f4 Re8 21. f5
Bxf5 22. Nxf5 gxf5 23. Rxf5 Ne4 24. Rxf7 Nxd2 25. Rxf8+ Kxf8 26. Bd3 Kg7 27.
Rd1 Nb3 28. Ne4 Rd8 29. Rf1 b5 30. axb5 axb5 31. Ng5 Rd7 32. Bxb5 Re7 33. Bc6
Nd4 34. Nf3 Ne2+ 35. Kh1 Nf4 36. Nh4 Re2 37. Nf5+ Kg6 38. Ng3 Rxb2 39. Rxf4
Rb1+ 40. Rf1 Rxf1+ 41. Nxf1 c4 42. Kg1 c3 43. Ne3 Kf6 44. Kf2 Ke5 45. Ke2 Kd4
46. Ba4 Na6 47. Bc2 h5 48. h4 Nc5 49. Bg6 Ne4 50. Bxe4 Kxe4 51. g3 Kd4 52. g4
hxg4 53. h5 Ke5 54. h6 Kf6 55. Nxg4+ 1-0

[Event "Smuk Skak GM 2022"]
[Site "Skanderborg"]
[Date "2022.08.16"]
[Round "4"]
[White "Boe Olsen, Filip"]
[Black "Solodovnichenko, Yuri"]
[Result "0-1"]
[WhiteElo "2427"]
[BlackElo "2508"]
[PlyCount "150"]
[EventDate "2022.08.13"]
[EventType "tourn"]
[EventRounds "9"]
[EventCountry "DEN"]

1. d4 d6 2. Nf3 g6 3. c4 Bg7 4. Nc3 Nc6 5. d5 Ne5 6. Nxe5 Bxe5 7. e4 Nf6 8. Bd3
O-O 9. O-O e6 10. Bg5 c6 11. Qd2 Qb6 12. Be3 Bd4 13. Be2 Bxe3 14. fxe3 Ne8 15.
c5 Qc7 16. cxd6 Qxd6 17. Rad1 exd5 18. exd5 Bd7 19. Bf3 f5 20. Qd4 c5 21. Qh4
b5 22. e4 Ng7 23. e5 Qxe5 24. d6 Rae8 25. Nd5 Qxd6 26. Rfe1 Rxe1+ 27. Rxe1 Kh8
28. Rd1 Be8 29. Kh1 f4 30. Nc3 Nf5 31. Qf2 Nd4 32. Ne2 Bf7 33. Nxd4 cxd4 34.
Rxd4 Qc5 35. Qd2 Rc8 36. Rd8+ Rxd8 37. Qxd8+ Kg7 38. h3 Qc1+ 39. Kh2 Qxb2 40.
Qb8 Qd4 41. a3 a6 42. Qc7 h5 43. Bb7 Qf6 44. Bd5 g5 45. Bf3 Kh6 46. Qb8 Bg6 47.
Kg1 Bf5 48. Kh2 Bd3 49. Qe8 Bg6 50. Qb8 Bf5 51. Kg1 Bd7 52. Qa7 Qe6 53. Qb8 Kg6
54. Qa8 g4 55. Be4+ Kg7 56. hxg4 hxg4 57. Qd8 Qxe4 58. Qxd7+ Kf6 59. Qd6+ Kf5
60. Qf8+ Ke5 61. Qe7+ Kd4 62. Qd6+ Ke3 63. Qxa6 Qb1+ 64. Kh2 g3+ 65. Kh3 Qf5+
66. Kh4 Kf2 67. a4 Kxg2 68. axb5 Kh2 69. Qa2+ g2 70. b6 f3 71. b7 Qe4+ 72. Kg5
Qxb7 73. Qf2 Qe4 74. Qb2 Qe3+ 75. Kg4 f2 0-1

[Event "Smuk Skak GM 2022"]
[Site "Skanderborg"]
[Date "2022.08.16"]
[Round "4"]
[White "Korley, Kassa"]
[Black "Vinter Schou, Uffe"]
[Result "1-0"]
[WhiteElo "2432"]
[BlackElo "2407"]
[PlyCount "85"]
[EventDate "2022.08.13"]
[EventType "tourn"]
[EventRounds "9"]
[EventCountry "DEN"]

1. d4 Nf6 2. c4 e6 3. Nf3 b6 4. g3 Bb7 5. Bg2 Be7 6. O-O c6 7. Nc3 d5 8. Nd2
O-O 9. e4 dxc4 10. Nxc4 Ba6 11. b3 b5 12. Ne5 c5 13. d5 Bd6 14. Nd3 b4 15. dxe6
Bxd3 16. exf7+ Kh8 17. Qxd3 Be5 18. Qxd8 Rxd8 19. Na4 Bxa1 20. e5 Nbd7 21. e6
Rac8 22. e7 Bd4 23. Bh3 Rf8 24. exf8=R+ Rxf8 25. Be6 Ne5 26. Be3 Bxe3 27. fxe3
Nxf7 28. Nxc5 Ng5 29. Bc4 Re8 30. h4 Nge4 31. Nxe4 Rxe4 32. Kf2 Ng4+ 33. Kf3
Nf6 34. Rd1 Re8 35. g4 Ne4 36. Rd7 Nc3 37. Rxa7 Rf8+ 38. Rf7 Ra8 39. e4 Re8 40.
e5 h5 41. g5 Rxe5 42. g6 Re8 43. Rf5 1-0

[Event "Smuk Skak GM 2022"]
[Site "Skanderborg"]
[Date "2022.08.16"]
[Round "4"]
[White "Pedersen, Nicolai Vesterbaek"]
[Black "Aarav, Dengla"]
[Result "1/2-1/2"]
[WhiteElo "2366"]
[BlackElo "2382"]
[PlyCount "76"]
[EventDate "2022.08.13"]
[EventType "tourn"]
[EventRounds "9"]
[EventCountry "DEN"]

1. e4 c5 2. Nf3 d6 3. Bb5+ Nd7 4. O-O a6 5. Bd3 Ngf6 6. Re1 e6 7. c3 b5 8. Bc2
c4 9. b3 Bb7 10. bxc4 bxc4 11. Na3 d5 12. Rb1 Rb8 13. e5 Ne4 14. Rxb7 Rxb7 15.
Bxe4 dxe4 16. Rxe4 Nc5 17. Rd4 Rd7 18. Nxc4 Rxd4 19. cxd4 Nd7 20. Qa4 Qc8 21.
d3 Be7 22. Ba3 Qb7 23. h4 Qb5 24. Qc2 Bxa3 25. Nd6+ Bxd6 26. Qc8+ Ke7 27. exd6+
Kxd6 28. Qxh8 Qxd3 29. Qxg7 f6 30. h5 Qc2 31. h6 Qc1+ 32. Kh2 Qf4+ 33. Qg3
Qxg3+ 34. Kxg3 Ke7 35. Kh4 Kf7 36. Kh5 Nb6 37. g4 Nd5 38. g5 Nf4+ 1/2-1/2

[Event "Smuk Skak GM 2022"]
[Site "Skanderborg"]
[Date "2022.08.16"]
[Round "4"]
[White "Hillarp Persson, Tiger"]
[Black "Ovsejevitsch, Sergei"]
[Result "1/2-1/2"]
[WhiteElo "2514"]
[BlackElo "2581"]
[PlyCount "78"]
[EventDate "2022.08.13"]
[EventType "tourn"]
[EventRounds "9"]
[EventCountry "DEN"]

1. Nf3 Nf6 2. c4 b6 3. g3 Bb7 4. Bg2 e6 5. O-O Be7 6. Nc3 O-O 7. d4 Ne4 8. Qc2
Nxc3 9. Qxc3 c5 10. Rd1 d6 11. b3 Nd7 12. Bb2 Nf6 13. d5 e5 14. Nxe5 dxe5 15.
d6 Bxg2 16. Qxe5 Re8 17. dxe7 Qxe7 18. Qxe7 Rxe7 19. Kxg2 Rxe2 20. Bxf6 gxf6
21. a4 Rae8 22. a5 R8e5 23. axb6 axb6 24. Ra6 Rf5 25. Rf1 Re6 26. f4 Rh5 27. h4
f5 28. Rd1 Rhh6 29. Rd5 Rhf6 30. Kf2 Kg7 31. Ra8 Re7 32. Ra2 Kg6 33. Re2 Ra7
34. Kf3 Ra1 35. h5+ Kg7 36. Ree5 Rb1 37. Rxf5 Rxf5 38. Rxf5 Rxb3+ 39. Kg4 h6
1/2-1/2

[Event "Smuk Skak GM 2022"]
[Site "Skanderborg"]
[Date "2022.08.16"]
[Round "4"]
[White "Nielsen, Viktor Haarmark"]
[Black "Roshka, Yevgeniy"]
[Result "1-0"]
[WhiteElo "2336"]
[BlackElo "2499"]
[PlyCount "67"]
[EventDate "2022.08.13"]
[EventType "tourn"]
[EventRounds "9"]
[EventCountry "DEN"]

1. d4 Nf6 2. c4 e6 3. Nf3 c5 4. d5 d6 5. Nc3 exd5 6. cxd5 g6 7. Bf4 Bg7 8. h3
O-O 9. e3 Nh5 10. Bh2 f5 11. Be2 f4 12. O-O fxe3 13. fxe3 Qe7 14. Qd3 Bh6 15.
Ne4 Bf5 16. Nfd2 Nd7 17. Bxd6 Qxd6 18. Rxf5 Qe7 19. d6 Qe6 20. Rxf8+ Nxf8 21.
Bg4 Qf7 22. Nc4 Qg7 23. Rf1 Kh8 24. Qd5 Rd8 25. Kh2 Qg8 26. Qxc5 b6 27. Qc7 Re8
28. d7 Nxd7 29. Qxd7 Rxe4 30. Nd6 Qb8 31. Rc1 Bf8 32. Rc8 Nf6 33. Rxb8 Nxd7 34.
Rxf8+ 1-0

[Event "Smuk Skak GM 2022"]
[Site "Skanderborg"]
[Date "2022.08.17"]
[Round "5"]
[White "Aarav, Dengla"]
[Black "Boe Olsen, Filip"]
[Result "1/2-1/2"]
[WhiteElo "2382"]
[BlackElo "2427"]
[PlyCount "61"]
[EventDate "2022.08.13"]
[EventType "tourn"]
[EventRounds "9"]
[EventCountry "DEN"]

1. e4 c6 2. d4 d5 3. exd5 cxd5 4. Bd3 Nc6 5. c3 Qc7 6. h3 e6 7. Nf3 Bd6 8. b3
Nge7 9. Ba3 O-O 10. Bxd6 Qxd6 11. O-O f6 12. Re1 Kh8 13. a4 Bd7 14. Na3 Rad8
15. Nc2 e5 16. dxe5 fxe5 17. b4 Qf6 18. b5 e4 19. bxc6 Nxc6 20. Re3 exf3 21.
Rxf3 Qxc3 22. Be4 Rxf3 23. Bxf3 Be6 24. Ra3 Qc5 25. Rd3 Bf5 26. Rd2 Bxc2 27.
Rxc2 Qd6 28. Rb2 Ne5 29. Rxb7 Nxf3+ 30. Qxf3 d4 31. Qd3 1/2-1/2

[Event "Smuk Skak GM 2022"]
[Site "Skanderborg"]
[Date "2022.08.17"]
[Round "5"]
[White "Solodovnichenko, Yuri"]
[Black "Korley, Kassa"]
[Result "0-1"]
[WhiteElo "2508"]
[BlackElo "2432"]
[PlyCount "106"]
[EventDate "2022.08.13"]
[EventType "tourn"]
[EventRounds "9"]
[EventCountry "DEN"]

1. e4 e5 2. Nf3 Nf6 3. d4 Nxe4 4. dxe5 d5 5. Nbd2 Nxd2 6. Qxd2 c5 7. Qf4 Nc6 8.
Bd2 h6 9. Bb5 Be6 10. O-O g5 11. Qa4 Qc8 12. b4 a6 13. Bxc6+ Qxc6 14. Qxc6+
bxc6 15. Rab1 g4 16. Ne1 c4 17. f3 h5 18. Be3 a5 19. a3 axb4 20. axb4 Rb8 21.
c3 c5 22. b5 Be7 23. Rf2 Rb7 24. g3 Kd7 25. Ng2 Rhb8 26. fxg4 hxg4 27. Rfb2 Bf5
28. Rf1 Be6 29. Rfb1 d4 30. Rd1 Rxb5 31. Rxb5 Rxb5 32. cxd4 cxd4 33. Bxd4 Kc6
34. Kf1 Rb3 35. Nf4 Ba3 36. Ke2 Bf5 37. Be3 Rb2+ 38. Kf1 Rxh2 39. Bf2 Rh1+ 40.
Ke2 Rxd1 41. Kxd1 Bb2 42. Ne2 Kd5 43. Kd2 Ke4 44. Nc3+ Kf3 45. Bd4 Bd3 46. e6
fxe6 47. Be5 Ba3 48. Bc7 Bc5 49. Nd1 Bd4 50. Nc3 Be3+ 51. Kd1 Bf2 52. Nb5 Bxg3
53. Nd4+ Ke4 0-1